The Twelve Apostles Quiz Stats

 Plays Quiz Updated Sep 18, 2017

Score 0/12 Timer 03:00
14 Plays Today
Number Apostle % Correct
ThreeJohn
93.9%
OnePeter
90.9%
TwelveJudas Iscariot
84.7%
SevenMatthew
82.2%
TwoJames, son of Zebedee
64.7%
NineJames, son of Alphaeus
64.7%
ElevenSimon the Cananean
58.6%
EightThomas
53.1%
FourAndrew
44.8%
SixBartholomew
35.8%
TenThaddaeus
32.2%
FivePhilip
28.8%

You're not logged in!

Compare scores with friends on all Sporcle quizzes.
OR
Log In

Show Comments

Extras

Top Quizzes Today


Score Distribution

Your Account Isn't Verified!

In order to create a playlist on Sporcle, you need to verify the email address you used during registration. Go to your Sporcle Settings to finish the process.

Report this User

Report this user for behavior that violates our Community Guidelines.

Details: